| 000 -LEADER |
| fixed length control field |
00805nam a22002417a 4500 |
| 001 - CONTROL NUMBER |
| control field |
21996 |
| 003 - CONTROL NUMBER IDENTIFIER |
| control field |
BD-DhUAP |
| 005 - DATE AND TIME OF LATEST TRANSACTION |
| control field |
20230808184324.0 |
| 008 - FIXED-LENGTH DATA ELEMENTS--GENERAL INFORMATION |
| fixed length control field |
230808b2020 ii a|||| |||| 001 0 eng d |
| 020 ## - INTERNATIONAL STANDARD BOOK NUMBER |
| International Standard Book Number |
9789385889134 |
| 040 ## - CATALOGING SOURCE |
| Original cataloging agency |
BD-DhAAL |
| Language of cataloging |
Eng |
| Transcribing agency |
BD-DhUAP |
| Modifying agency |
BD-DhUAP |
| 082 ## - DEWEY DECIMAL CLASSIFICATION NUMBER |
| Edition number |
23 |
| Classification number |
006.31 HOW |
| 100 ## - MAIN ENTRY--PERSONAL NAME |
| Personal name |
Howard, Jeremy |
| 245 ## - TITLE STATEMENT |
| Title |
Deep learning for coders with fastai and PyTorch : |
| Remainder of title |
AI applications without a PhD / |
| Statement of responsibility, etc. |
Jeremy Howard and Sylvain Gugger. |
| 250 ## - EDITION STATEMENT |
| Edition statement |
Second Edition. |
| 260 ## - PUBLICATION, DISTRIBUTION, ETC. |
| Place of publication, distribution, etc. |
New Delhi; |
| Name of publisher, distributor, etc. |
Shroff Publishers & Distributors, |
| Date of publication, distribution, etc. |
2020. |
| 300 ## - PHYSICAL DESCRIPTION |
| Extent |
xxii, 594 pages : |
| Other physical details |
illustrations, 1 map ; |
| Dimensions |
24 cm |
| 500 ## - GENERAL NOTE |
| General note |
Includes index. |
| 650 ## - SUBJECT ADDED ENTRY--TOPICAL TERM |
| Topical term or geographic name entry element |
Machine learning. |
| 650 ## - SUBJECT ADDED ENTRY--TOPICAL TERM |
| Topical term or geographic name entry element |
Python (Computer program language) |
| 700 ## - ADDED ENTRY--PERSONAL NAME |
| Personal name |
Gugger, Sylvain, |
| Relator term |
author. |
| 942 ## - ADDED ENTRY ELEMENTS (KOHA) |
| Source of classification or shelving scheme |
|
| Koha item type |
Book |